<?xml version="1.0" encoding="UTF-8"?>
<record
    xmlns:xsi="http://www.w3.org/2001/XMLSchema-instance"
    xsi:schemaLocation="http://www.loc.gov/MARC21/slim http://www.loc.gov/standards/marcxml/schema/MARC21slim.xsd"
    xmlns="http://www.loc.gov/MARC21/slim">

  <leader>05247nam a2200529Ia 4500</leader>
  <controlfield tag="001">dia_5014</controlfield>
  <controlfield tag="003">CHAP</controlfield>
  <controlfield tag="005">20240919121651.0</controlfield>
  <controlfield tag="007">ta</controlfield>
  <controlfield tag="008">220117s2012    mx abdefrm    001 0 spa d</controlfield>
  <datafield tag="010" ind1=" " ind2=" ">
    <subfield code="a">175835</subfield>
  </datafield>
  <datafield tag="040" ind1=" " ind2=" ">
    <subfield code="c">CHAP</subfield>
    <subfield code="a">mxchpua</subfield>
    <subfield code="e">rda</subfield>
  </datafield>
  <datafield tag="041" ind1="0" ind2=" ">
    <subfield code="a">spa</subfield>
    <subfield code="b">eng</subfield>
  </datafield>
  <datafield tag="090" ind1=" " ind2=" ">
    <subfield code="a">Tesis </subfield>
    <subfield code="b">O45 </subfield>
    <subfield code="c">2012</subfield>
  </datafield>
  <datafield tag="100" ind1="1" ind2=" ">
    <subfield code="a">Oliva Miranda, Luis Mart&#xED;n</subfield>
  </datafield>
  <datafield tag="240" ind1="1" ind2="0">
    <subfield code="a">Making a drink with type horchata pregelatinized wheat flour and feasibility study.</subfield>
    <subfield code="l">Espa&#xF1;ol</subfield>
  </datafield>
  <datafield tag="245" ind1="1" ind2="0">
    <subfield code="a">Elaboraci&#xF3;n de una bebida tipo horchata con harina de trigo integral pregelatinizada y su estudio de factibilidad /</subfield>
    <subfield code="c">Luis Mart&#xED;n Oliva Miranda</subfield>
  </datafield>
  <datafield tag="264" ind1=" " ind2=" ">
    <subfield code="a">Chapingo, M&#xE9;xico :</subfield>
    <subfield code="b">El autor,</subfield>
    <subfield code="c">2012</subfield>
  </datafield>
  <datafield tag="300" ind1=" " ind2=" ">
    <subfield code="a">v, 104 hojas :</subfield>
    <subfield code="b">ilustraciones, mapas, gr&#xE1;ficas, diagramas, tablas, planos +</subfield>
    <subfield code="e">1 CD-ROM</subfield>
  </datafield>
  <datafield tag="336" ind1=" " ind2=" ">
    <subfield code="2">rdacontent</subfield>
    <subfield code="a">texto</subfield>
    <subfield code="b">txt</subfield>
  </datafield>
  <datafield tag="337" ind1=" " ind2=" ">
    <subfield code="2">rdamedia</subfield>
    <subfield code="a">no mediado</subfield>
    <subfield code="b">n</subfield>
  </datafield>
  <datafield tag="338" ind1=" " ind2=" ">
    <subfield code="2">rdacarrier</subfield>
    <subfield code="a">volumen</subfield>
    <subfield code="b">nc</subfield>
  </datafield>
  <datafield tag="500" ind1=" " ind2=" ">
    <subfield code="a">El CD contiene el reporte --
Los planos est&#xE1;n incluidos en el reporte</subfield>
  </datafield>
  <datafield tag="502" ind1=" " ind2=" ">
    <subfield code="a">Tesis </subfield>
    <subfield code="b">(Ingeniero Agr&#xF3;nomo Especialista en Ingenier&#xED;a Agroindustrial) -- </subfield>
    <subfield code="c">UACh. Departamento de Ingenier&#xED;a Agroindustrial, </subfield>
    <subfield code="d">2012</subfield>
  </datafield>
  <datafield tag="504" ind1=" " ind2=" ">
    <subfield code="a">Bibliograf&#xED;a: hojas 97-101</subfield>
  </datafield>
  <datafield tag="505" ind1="0" ind2=" ">
    <subfield code="a">3 planos:
1. Plano de procesos
2. Plano de distribuci&#xF3;n de &#xE9;quipo
3. Diagrama de recorrido</subfield>
  </datafield>
  <datafield tag="520" ind1="3" ind2=" ">
    <subfield code="a">En el presente trabajo se obtuvo la formulaci&#xF3;n de una bebida tipo horchata con harina integral. A la harina de trigo se le aplicaron diferentes tratamientos de tostado a distintos tiempos (2, 4, 6, 8, 10, 12, 14, 16,18 y 20 minutos) a una temperatura de 250 &#xB0;C., y se acondicion&#xF3; el grano agreg&#xE1;ndole 16 mL de agua por cada 100 g  de grano de trigo, a la harina integral se le  evaluaron los par&#xE1;metros de sedimentaci&#xF3;n (mL) y estabilidad, en cuanto a la evaluaci&#xF3;n sensorial se le midi&#xF3; aroma, textura, color y  sabor. El tratamiento &#xF3;ptimo en cual se alcanz&#xF3; la mejor estabilidad fue el de 14 minutos de tostado y grano preacondiconado., se obtuvo un volumen de sedimentaci&#xF3;n de 54.18 mL, dicho tratamiento tambi&#xE9;n fue el mejor aceptado por los panelistas. En el estudio de factibilidad se evaluaron un conjunto de factores t&#xE9;cnicos econ&#xF3;micos sociales y ambientales, para determinar la factibilidad  de establecer una empresa de bebidas en polvo en el municipio de Jilotepec, Estado de M&#xE9;xico, para ello se realiz&#xF3; una investigaci&#xF3;n sobre la disponibilidad de la materia prima, un estudio de mercado y una propuesta de organizaci&#xF3;n social y se calcularon los montos de inversi&#xF3;n total. De acuerdo a la investigaci&#xF3;n se obtenida que para iniciar este proyecto se requieren procesar 16 014 toneladas anuales, con una inversi&#xF3;n total de $ 24, 969, 243.00. La evaluaci&#xF3;n de rentabilidad se realiz&#xF3; en un periodo de 10 a&#xF1;os arrojando los siguientes indicadores financieros: TREMA 9.4%, TIR 30.64%, VAN $22, 153, 981.19 y N/K 1.50, con base en los an&#xE1;lisis anteriores se concluy&#xF3; la factibilidad de la instalaci&#xF3;n de esta empresa en dicho municipio. --</subfield>
  </datafield>
  <datafield tag="520" ind1="3" ind2=" ">
    <subfield code="a">In this paper we obtained the formulation of a type drink orgeat with flour. A wheat flour Different treatments were applied at different toasting times (2, 4, 6, 8, 10, 12, 14, 16.18 and 20 minutes) at a temperature of 250 &#xB0; C., grain and conditioned water by adding 16 mL per 100 g of wheat grain, wheat flour to the parameters was assessed sedimentation (mL) and stability with regard to the sensory evaluation was measured aroma, texture, color and flavor. Optimal treatment was reached in which stability was the best 14 minutes of roasting and grain pre-conditioning.  We obtained a volume of 54.18 mL sedimentation, such treatment was also better accepted by the panelists. In the feasibility study evaluated a set of social and economic factors, environmental technicians, to determine the feasibility of establishing a company in powdered drink Jilotepec Township, State of Mexico, for this research was carried out on the availability of raw materials, a market study and a proposal for social organization and calculated the total investment amounts. According to research that was obtained to start this project require processing 16,014 tonnes per year, with a total investment of $ 24, 969, 243. 00. The evaluation of cost was performed over a period of 10 years throwing the following financial ratios: TREMA 9.4% TIR 30.64% VAN $ 22, 153, 981.19 and N/K 1.50, based on previous analyzes concluded the feasibility of installation of this company in the municipality. </subfield>
  </datafield>
  <datafield tag="650" ind1="1" ind2="3">
    <subfield code="a">Bebidas  </subfield>
    <subfield code="2">atg</subfield>
  </datafield>
  <datafield tag="650" ind1="1" ind2="3">
    <subfield code="a">Horchata</subfield>
    <subfield code="2">atg</subfield>
  </datafield>
  <datafield tag="650" ind1="1" ind2="3">
    <subfield code="a">Harina de trigo integral</subfield>
    <subfield code="2">atg</subfield>
  </datafield>
  <datafield tag="650" ind1="1" ind2="3">
    <subfield code="a">Iniciativa empresarial  </subfield>
    <subfield code="2">atg</subfield>
  </datafield>
  <datafield tag="650" ind1="1" ind2="3">
    <subfield code="a">Beverages</subfield>
    <subfield code="2">atg</subfield>
  </datafield>
  <datafield tag="650" ind1="1" ind2="3">
    <subfield code="a">Tiger nut milk</subfield>
    <subfield code="2">atg</subfield>
  </datafield>
  <datafield tag="650" ind1="1" ind2="3">
    <subfield code="a">Whole wheat flour</subfield>
    <subfield code="2">atg</subfield>
  </datafield>
  <datafield tag="650" ind1="1" ind2="3">
    <subfield code="a">Entrepreneurship</subfield>
    <subfield code="2">atg</subfield>
  </datafield>
  <datafield tag="700" ind1="1" ind2=" ">
    <subfield code="a">P&#xE9;rez Herrera, Patricia</subfield>
    <subfield code="e">directora</subfield>
  </datafield>
  <datafield tag="700" ind1="1" ind2=" ">
    <subfield code="a">Ponce Hern&#xE1;ndez, Pedro</subfield>
    <subfield code="e">asesor</subfield>
  </datafield>
  <datafield tag="700" ind1="1" ind2=" ">
    <subfield code="a">Reyna Izaguirre, Diana Am&#xE9;rica</subfield>
    <subfield code="e">asesora</subfield>
  </datafield>
  <datafield tag="856" ind1="4" ind2="1">
    <subfield code="u">http://10.13.5.2/tesis/sist108657.pdf</subfield>
    <subfield code="y">DESCARGAR PDF</subfield>
  </datafield>
  <datafield tag="901" ind1=" " ind2=" ">
    <subfield code="a">Tesis O45 2012</subfield>
  </datafield>
  <datafield tag="902" ind1=" " ind2=" ">
    <subfield code="a">M</subfield>
  </datafield>
  <datafield tag="905" ind1=" " ind2=" ">
    <subfield code="a">5232262012                          mx aml 8222223322spa26</subfield>
  </datafield>
  <datafield tag="942" ind1=" " ind2=" ">
    <subfield code="c">TESIS</subfield>
    <subfield code="2">Clasificaci&#xF3;n Universidad Aut&#xF3;noma Chapingo</subfield>
  </datafield>
  <datafield tag="999" ind1=" " ind2=" ">
    <subfield code="c">175835</subfield>
    <subfield code="d">175835</subfield>
  </datafield>
  <datafield tag="952" ind1=" " ind2=" ">
    <subfield code="0">0</subfield>
    <subfield code="1">0</subfield>
    <subfield code="2">local</subfield>
    <subfield code="4">0</subfield>
    <subfield code="5">5</subfield>
    <subfield code="7">0</subfield>
    <subfield code="8">TESIS</subfield>
    <subfield code="a">IA_</subfield>
    <subfield code="b">IA_</subfield>
    <subfield code="d">2022-01-18</subfield>
    <subfield code="e">El autor</subfield>
    <subfield code="l">1</subfield>
    <subfield code="o">Tesis O45 2012</subfield>
    <subfield code="p">1101006979</subfield>
    <subfield code="r">2024-09-25 17:45:02</subfield>
    <subfield code="s">2024-09-25</subfield>
    <subfield code="t">Ej. 3</subfield>
    <subfield code="w">2022-01-18</subfield>
    <subfield code="y">CD</subfield>
  </datafield>
  <datafield tag="952" ind1=" " ind2=" ">
    <subfield code="0">0</subfield>
    <subfield code="1">0</subfield>
    <subfield code="2">local</subfield>
    <subfield code="4">0</subfield>
    <subfield code="5">1</subfield>
    <subfield code="7">0</subfield>
    <subfield code="8">TESIS</subfield>
    <subfield code="a">IA_</subfield>
    <subfield code="b">IA_</subfield>
    <subfield code="d">2022-01-18</subfield>
    <subfield code="e">El autor</subfield>
    <subfield code="l">0</subfield>
    <subfield code="o">Tesis O45 2012</subfield>
    <subfield code="p">1101006978</subfield>
    <subfield code="r">2022-01-18 00:00:00</subfield>
    <subfield code="t">Ej. 2</subfield>
    <subfield code="w">2022-01-18</subfield>
    <subfield code="y">CD</subfield>
  </datafield>
  <datafield tag="952" ind1=" " ind2=" ">
    <subfield code="0">0</subfield>
    <subfield code="1">0</subfield>
    <subfield code="2">local</subfield>
    <subfield code="4">0</subfield>
    <subfield code="5">1</subfield>
    <subfield code="7">0</subfield>
    <subfield code="8">TESIS</subfield>
    <subfield code="a">IA_</subfield>
    <subfield code="b">IA_</subfield>
    <subfield code="d">2022-01-18</subfield>
    <subfield code="e">El autor</subfield>
    <subfield code="l">0</subfield>
    <subfield code="o">Tesis O45 2012</subfield>
    <subfield code="p">1101006977</subfield>
    <subfield code="r">2026-02-02 00:00:00</subfield>
    <subfield code="t">Ej. 1</subfield>
    <subfield code="w">2022-01-18</subfield>
    <subfield code="y">TESIS</subfield>
  </datafield>
  <datafield tag="952" ind1=" " ind2=" ">
    <subfield code="0">0</subfield>
    <subfield code="1">0</subfield>
    <subfield code="2">local</subfield>
    <subfield code="4">0</subfield>
    <subfield code="7">0</subfield>
    <subfield code="8">TesDigL</subfield>
    <subfield code="a">IA_</subfield>
    <subfield code="b">IA_</subfield>
    <subfield code="c">E_L</subfield>
    <subfield code="d">2024-09-19</subfield>
    <subfield code="e">El autor</subfield>
    <subfield code="l">0</subfield>
    <subfield code="p">1201006977</subfield>
    <subfield code="r">2024-09-19 13:09:09</subfield>
    <subfield code="w">2024-09-19</subfield>
    <subfield code="y">TD</subfield>
  </datafield>
</record>
